Pays du monde par antipode - Statistiques

Statistiques générales
  • Ce quiz a été pris 51 fois
  • Le résultat moyen est 22 sur 42
Statistiques - réponses
Hint Réponse % Correct
Chili Chine
92%
Argentine Chine
92%
Bolivie Chine
92%
Brésil Indonésie
82%
France (Guyane Française) Indonésie
82%
Chili Russie
82%
Argentine Russie
82%
Chili Mongolie
74%
Argentine Mongolie
74%
Pérou Cambodge
66%
Pérou Laos
66%
Pérou Malaisie
66%
Brésil Malaisie
66%
Équateur Malaisie
66%
Pérou Thaïlande
63%
Pérou Vietnam
63%
France (Kerguelen) Canada
61%
Mali Fidji
50%
Bolivie Philippines
50%
Brésil Philippines
50%
Argentine Taïwan
50%
Paraguay Taiwan
50%
Niger Samoa
47%
Niger Tonga
47%
Algérie Tonga
47%
Brésil Brunei
42%
Indonésie Colombie
42%
Nouvelle-Zélande Espagne
42%
Guinée Îles Salomon
42%
Brésil Palaos
42%
Nouvelle-Zélande Maroc
39%
Mali Vanuatu
37%
Mauritanie Vanuatu
37%
Sénégal Vanuatu
37%
Indonésie Venezuela
37%
Indonésie Équateur
34%
Indonésie Guyana
24%
France (Nouvelle-Calédonie) Mauritanie
24%
Nouvelle-Zélande (Niué) Niger
24%
Indonésie Suriname
24%
Nouvelle-Zélande (Tokelau) Nigeria
21%
États-Unis (Hawaï) Botswana
5%
Aucun quiz correspondant
Distribution des résultats
% des personnes avec chaque résultat
Percentile par nombre de réponses
Votre historique - résultats
Vous n’avez pas pris ce quiz